Macy's Thanksgiving Day Parade Balloons Quiz Stats

 Plays Quiz Updated Nov 27, 2015

Challenge
Share
Tweet
Score 0/25 Timer 05:00
0 Plays Today
% Correct
Kermit the Frog
97.9%
Buzz Lightyear
96%
Spider-Man
95.3%
SpongeBob SquarePants
95.2%
Ronald McDonald
93.7%
Garfield
93.4%
Smurf
93.4%
Shrek
93.2%
Mickey Mouse
91.2%
Charlie Brown
91%
Mr. Potato Head
90.8%
Dora the Explorer
90.5%
Po
89.9%
% Correct
Scooby-Doo
89.8%
Bart Simpson
89.8%
Hello Kitty
88.3%
The Cat in the Hat
87.4%
Betty Boop
85.6%
Clifford the Big Red Dog
84.3%
Sonic the Hedgehog
83.5%
Pikachu
82.8%
Pillsbury Doughboy
76%
Arthur
74.9%
Horton the Elephant
74.1%
Grover
66.5%

You're not logged in!

Compare scores with friends on all Sporcle quizzes.
OR
Log In

You Might Also Like...

Show Comments

Extras

Top Quizzes Today


Score Distribution

Your Account Isn't Verified!

In order to create a playlist on Sporcle, you need to verify the email address you used during registration. Go to your Sporcle Settings to finish the process.

Report this User

Report this user for behavior that violates our Community Guidelines.

Details: